[Event "C.to Italiano di Categoria D"]
[Site "Civitanova Marche ITA"]
[Date "2012.07.20"]
[Round "6"]
[White "Ambrosini, Andrea"]
[Black "Marvulli, Dario"]
[WhiteElo "1684"]
[BlackElo "1676"]
[Result "0-1"]
[PlyCount "174"]
[EventDate "2012.07.15"]

1. e4 e5 2. Bc4 Nf6 3. d3 Nc6 4. c3 d6 5. Nf3 Be7 6. Nbd2 Bd7 7. Bb3 O-O 8. Nf1
Bg4 9. h3 Be6 10. Bc2 d5 11. Bg5 Qd7 12. Ng3 h6 13. Bxf6 Bxf6 14. Ba4 Qd6 15.
O-O Rab8 16. Bc2 d4 17. Re1 Rfd8 18. Qd2 dxc3 19. bxc3 b5 20. a3 a5 21. Red1 b4
22. axb4 axb4 23. cxb4 Nxb4 24. Rab1 Nxc2 25. Qxc2 Ra8 26. Rb7 c5 27. Rc1 Qa6
28. Rc7 Qxd3 29. Qxd3 Rxd3 30. R7xc5 Bxh3 31. Kh2 Be6 32. Nxe5 Rd2 33. Kg1 Raa2
34. Nh1 Re2 35. Nd3 Rxe4 36. Rc7 Rd4 37. Nc5 Bd5 38. Nd7 Be7 39. Nb6 Bf6 40.
Nd7 Be7 41. Nb6 Bg5 42. Re1 Be6 43. Rb1 Ra6 44. Rb7 Kh7 45. Ng3 Bd8 46. Rb8 Bc7
47. Rb7 Bxg3 48. fxg3 Ra3 49. Rb8 Rxg3 50. Rb2 Kg6 51. Nc8 Bxc8 52. Rxc8 Rd6
53. Rc7 Rgd3 54. Rf2 Rf6 55. Rb2 Rd5 56. Kh2 Rfd6 57. Rf2 Rh5+ 58. Kg3 Rd3+ 59.
Rf3 Rxf3+ 60. Kxf3 Rd5 61. Kg4 f5+ 62. Kf4 Rd4+ 63. Ke3 Re4+ 64. Kf3 Kf6 65.
Rc6+ Re6 66. Rc8 g5 67. Rf8+ Kg6 68. Rg8+ Kh7 69. Rf8 Re5 70. Rf6 Kg7 71. Ra6
h5 72. g3 Rb5 73. Rc6 Rb3+ 74. Kf2 Rb4 75. Kf3 h4 76. gxh4 Rxh4 77. Kg3 Rd4 78.
Kf3 g4+ 79. Kg3 Rd3+ 80. Kf2 Rf3+ 81. Kg2 f4 82. Rd6 Rh3 83. Rd4 f3+ 84. Kf2
Rh2+ 85. Kg3 Rg2+ 86. Kh4 f2 87. Rf4 g3 0-1

[Event "C.to Italiano di Categoria D"]
[Site "Civitanova Marche ITA"]
[Date "2012.07.20"]
[Round "6"]
[White "Calandra, Mauro"]
[Black "Agostinelli, Matteo"]
[WhiteElo "1657"]
[BlackElo "1651"]
[Result "1-0"]
[PlyCount "137"]
[EventDate "2012.07.15"]

1. d4 d5 2. e4 dxe4 3. Nc3 f5 4. f3 Nf6 5. Bc4 a6 6. a4 Nc6 7. Be3 e6 8. Qd2 h6
9. fxe4 fxe4 10. Nge2 Bd6 11. O-O-O Bb4 12. Ng3 b5 13. Bb3 Na5 14. Qe2 Nxb3+
15. cxb3 Bxc3 16. bxc3 bxa4 17. bxa4 Bd7 18. Qc4 Qe7 19. Kc2 Nd5 20. Kd2 Qa3
21. Rb1 O-O 22. Nxe4 Bxa4 23. Nc5 Bb5 24. Qb3 Qxb3 25. Rxb3 Rfe8 26. Nd3 Nxe3
27. Kxe3 Bc6 28. Rg1 Bd5 29. Ra3 a5 30. g3 g5 31. Rga1 Rf8 32. Ne5 Rab8 33.
Rxa5 Rb3 34. R5a3 Rfb8 35. Nd7 R8b5 36. Nf6+ Kf7 37. Nxd5 exd5 38. Rxb3 Rxb3
39. Rc1 Rb2 40. Rf1+ Ke6 41. Rf2 Rxf2 42. Kxf2 g4 43. Ke2 Kf5 44. Ke3 h5 45.
Kd3 Kg5 46. c4 dxc4+ 47. Kxc4 Kf5 48. Kd5 Kf6 49. Ke4 c6 50. Kf4 Ke6 51. Kg5
Kd5 52. Kxh5 Kxd4 53. Kxg4 c5 54. h4 c4 55. h5 c3 56. h6 c2 57. h7 c1=Q 58.
h8=Q+ Kd3 59. Qh7+ Kd4 60. Qd7+ Ke5 61. Qe7+ Kd5 62. Qg5+ Qxg5+ 63. Kxg5 Ke6
64. Kg6 Ke7 65. Kg7 Ke8 66. g4 Ke7 67. g5 Ke8 68. g6 Ke7 69. Kh7 1-0

[Event "C.to Italiano di Categoria D"]
[Site "Civitanova Marche ITA"]
[Date "2012.07.20"]
[Round "6"]
[White "Donati, Michele"]
[Black "Maggiore, Francesco"]
[WhiteElo "1764"]
[BlackElo "1778"]
[Result "1-0"]
[PlyCount "73"]
[EventDate "2012.07.15"]

1. c4 c6 2. Nf3 Nf6 3. g3 d5 4. b3 e6 5. Bg2 Bd6 6. Bb2 Nbd7 7. d4 b6 8. Nbd2
Bb7 9. O-O c5 10. cxd5 Bxd5 11. Re1 cxd4 12. Bxd4 e5 13. e4 Bb7 14. Bb2 Bb4 15.
a3 Bxd2 16. Nxd2 Qe7 17. Nc4 O-O 18. Qd6 Qxd6 19. Nxd6 Rab8 20. b4 Ne8 21. Rad1
Bc6 22. b5 Nxd6 23. bxc6 Nc4 24. Rxd7 Nxb2 25. Rxa7 Nd3 26. Rd1 Nc5 27. c7 Rbc8
28. Bh3 Ne6 29. Rd7 Ng5 30. Bg4 g6 31. Re7 f5 32. exf5 gxf5 33. Be2 Nf7 34. Ba6
Nd6 35. Rd7 Nf7 36. Bxc8 Rxc8 37. Re7 1-0

[Event "C.to Italiano di Categoria D"]
[Site "Civitanova Marche ITA"]
[Date "2012.07.20"]
[Round "6"]
[White "Ripa, Francesco"]
[Black "Di Natale, Gianluca"]
[WhiteElo "1707"]
[BlackElo "1701"]
[Result "1-0"]
[PlyCount "45"]
[EventDate "2012.07.15"]

1. Nf3 d5 2. d4 c6 3. c4 Nf6 4. e3 Bf5 5. Nc3 e6 6. Nh4 Bg6 7. a3 dxc4 8. Nxg6
hxg6 9. Bxc4 Bd6 10. h3 Nbd7 11. e4 Be7 12. Bg5 Qc8 13. Rc1 Bd8 14. Qd2 Nb6 15.
Ba2 Qd7 16. O-O Be7 17. Rfd1 Rd8 18. Qe3 Nh5 19. d5 Bxg5 20. Qxg5 exd5 21. exd5
Nf6 22. dxc6 Qxc6 23. Qe5+ 1-0

[Event "C.to Italiano di Categoria D"]
[Site "Civitanova Marche ITA"]
[Date "2012.07.21"]
[Round "7"]
[White "Graziani, Roberto"]
[Black "Skrijely, Edin"]
[WhiteElo "1746"]
[BlackElo "1733"]
[Result "0-1"]
[PlyCount "50"]
[EventDate "2012.07.15"]

1. e4 d6 2. d4 g6 3. Nc3 Bg7 4. Nf3 a6 5. Be3 Nd7 6. Bc4 h6 7. Qd2 b5 8. Bb3
Bb7 9. O-O b4 10. Ne2 Bxe4 11. Qxb4 Bxf3 12. gxf3 e6 13. d5 exd5 14. Bxd5 Rb8
15. Qc4 Ne5 16. Qxa6 Ne7 17. f4 Nxd5 18. fxe5 O-O 19. Bd4 Qg5+ 20. Kh1 dxe5 21.
Bc5 Rfe8 22. Rad1 Nf4 23. Rg1 Qf5 24. Ng3 Qg4 25. Qc6 e4 0-1

[Event "C.to Italiano di Categoria D"]
[Site "Civitanova Marche ITA"]
[Date "2012.07.21"]
[Round "7"]
[White "Maggiore, Francesco"]
[Black "Ramini, Luigi"]
[WhiteElo "1778"]
[BlackElo "1763"]
[Result "1-0"]
[PlyCount "48"]
[EventDate "2012.07.15"]

1. d4 d5 2. c4 e6 3. e3 Nf6 4. Nc3 Be7 5. Nf3 c6 6. Bd3 b6 7. Qc2 Bb7 8. cxd5
Nxd5 9. e4 Nb4 10. Qe2 Nxd3+ 11. Qxd3 Bf6 12. e5 Be7 13. Qe4 Qc7 14. Qg4 Rg8
15. O-O Nd7 16. Bg5 Bb4 17. Ne4 Nf8 18. a3 Be7 19. Bxe7 Kxe7 20. Nf6 gxf6 21.
Qxg8 Ng6 22. Qg7 fxe5 23. dxe5 c5 24. Qf6+ Ke8 1-0

[Event "C.to Italiano di Categoria D"]
[Site "Civitanova Marche ITA"]
[Date "2012.07.21"]
[Round "7"]
[White "Marinucci, Johnny"]
[Black "Donati, Michele"]
[WhiteElo "1775"]
[BlackElo "1764"]
[Result "1-0"]
[PlyCount "127"]
[EventDate "2012.07.15"]

1. d4 d5 2. Bf4 Nf6 3. e3 c5 4. c3 Qb6 5. Qb3 c4 6. Qc2 g6 7. h3 Bf5 8. Qc1 Nc6
9. Nf3 Bg7 10. Be2 O-O 11. O-O Nd7 12. Bh2 Rfe8 13. g4 Bxb1 14. Rxb1 Qa6 15.
Ra1 e5 16. Qc2 e4 17. Nd2 Ne7 18. f3 Bh6 19. f4 f5 20. Bg3 Bg7 21. Kf2 Qe6 22.
g5 b5 23. b3 Nb6 24. Rfb1 Qc6 25. Kg2 Reb8 26. Be1 a5 27. Nf1 a4 28. h4 Kf7 29.
Nd2 axb3 30. axb3 Rxa1 31. Rxa1 Ra8 32. Ra2 Rxa2 33. Qxa2 Qa8 34. Qxa8 Nxa8 35.
bxc4 bxc4 36. Nb1 Bf8 37. Na3 Nc7 38. Nc2 Nc6 39. Bd2 Nb5 40. Kf1 Ke6 41. Ke1
Ba3 42. Nxa3 Nxa3 43. Kd1 Na5 44. Bc1 Nb5 45. Bb2 Kd6 46. Kc2 Nb3 47. Bd1 Kc6
48. h5 Kd6 49. hxg6 hxg6 50. Kb1 Nd2+ 51. Ka2 Nf1 52. Ba4 Kc6 53. Bc1 Kb6 54.
Kb2 Nd6 55. Bd7 Kc7 56. Be6 Kc6 57. Ka3 Ng3 58. Kb4 Ne2 59. Bd2 Ng1 60. Bg8 Nf3
61. Bc1 Nb5 62. Bf7 Nh4 63. Be8+ Kb6 64. Bxb5 1-0

[Event "C.to Italiano di Categoria D"]
[Site "Civitanova Marche ITA"]
[Date "2012.07.21"]
[Round "7"]
[White "Marrocco, Dario"]
[Black "Calandra, Mauro"]
[WhiteElo "1762"]
[BlackElo "1657"]
[Result "0-1"]
[PlyCount "84"]
[EventDate "2012.07.15"]

1. c4 Nf6 2. Nc3 e5 3. d3 d6 4. g3 Bd7 5. Bg2 Bc6 6. Nf3 Nbd7 7. b4 b6 8. Qb3
h6 9. O-O g5 10. c5 d5 11. cxb6 cxb6 12. Bd2 Be7 13. Rac1 Rc8 14. Rc2 g4 15.
Nh4 d4 16. Bxc6 Rxc6 17. Nb1 Rxc2 18. Qxc2 Nd5 19. Nf5 h5 20. Qc4 N5f6 21. Bh6
Bf8 22. Bxf8 Kxf8 23. Rc1 Kg8 24. Qa6 Nf8 25. Qxa7 Ne6 26. Qb7 Nf8 27. Rc7 Rh7
28. Qxb6 N6d7 29. Qb7 Qf6 30. Qe4 Qe6 31. Ra7 Nf6 32. Ne7+ Kg7 33. Qb7 N6d7 34.
Nd5 h4 35. Nc7 Qh6 36. Ne8+ Kh8 37. e3 hxg3 38. hxg3 Qh2+ 39. Kf1 dxe3 40. fxe3
Rh5 41. Nd6 Qc2 42. Ra8 Qxb1+ 0-1

[Event "C.to Italiano di Categoria D"]
[Site "Civitanova Marche ITA"]
[Date "2012.07.21"]
[Round "7"]
[White "Marvulli, Dario"]
[Black "Ripa, Francesco"]
[WhiteElo "1676"]
[BlackElo "1707"]
[Result "1/2-1/2"]
[PlyCount "106"]
[EventDate "2012.07.15"]

1. e4 g6 2. d4 Bg7 3. Nc3 c6 4. a4 d5 5. exd5 cxd5 6. h3 Nc6 7. Nf3 Bf5 8. Bf4
a6 9. Be2 Nf6 10. O-O O-O 11. Ne5 Ne4 12. Nxc6 bxc6 13. Nxe4 dxe4 14. c3 Re8
15. Qb3 e5 16. dxe5 Bxe5 17. Bxe5 Rxe5 18. Rad1 Qc7 19. Rd4 Rb8 20. Rb4 Rxb4
21. Qxb4 a5 22. Qd4 Rd5 23. Qe3 Re5 24. Rd1 Qb8 25. Rd2 Rd5 26. Bc4 Rxd2 27.
Qxd2 c5 28. b3 Qb6 29. Qd5 Qc7 30. g4 Be6 31. Qa8+ Kg7 32. Bxe6 fxe6 33. Qxe4
Qd6 34. Kg2 e5 35. c4 Kf6 36. Qa8 Qb6 37. Qh8+ Kg5 38. Qxe5+ Kh6 39. Qe3+ Kg7
40. Kg3 Qb8+ 41. f4 Qb6 42. Qe7+ Kg8 43. Qe8+ Kg7 44. Qb5 Qc7 45. Kf3 Qd6 46.
Qb7+ Kf8 47. Qc8+ Kg7 48. Ke4 Qd4+ 49. Kf3 Qd3+ 50. Kg2 Qe2+ 51. Kh1 Qf1+ 52.
Kh2 Qf2+ 53. Kh1 Qf1+ 1/2-1/2

[Event "C.to Italiano di Categoria D"]
[Site "Civitanova Marche ITA"]
[Date "2012.07.22"]
[Round "8"]
[White "Calandra, Mauro"]
[Black "Maggiore, Francesco"]
[WhiteElo "1657"]
[BlackElo "1778"]
[Result "0-1"]
[PlyCount "62"]
[EventDate "2012.07.15"]

1. d4 d5 2. e4 e6 3. Be3 dxe4 4. Nd2 Nf6 5. f3 Nd5 6. Qe2 Nc6 7. c3 e5 8. dxe5
Nxe5 9. fxe4 Nxe3 10. Qxe3 Ng4 11. Qd4 Qxd4 12. cxd4 Bb4 13. Ngf3 Bd7 14. a3
Bxd2+ 15. Nxd2 O-O-O 16. h3 Nf6 17. Bd3 Bc6 18. d5 Be8 19. O-O c6 20. Rac1 Kb8
21. Rf3 cxd5 22. exd5 Rxd5 23. Nb3 Bc6 24. Bc4 Rg5 25. Rf2 Bd5 26. Nd2 Rc8 27.
Nf3 Bxf3 28. Rxf3 b5 29. Rb3 Rgc5 30. Re1 Rxc4 31. Rxb5+ Ka8 0-1

[Event "C.to Italiano di Categoria D"]
[Site "Civitanova Marche ITA"]
[Date "2012.07.22"]
[Round "8"]
[White "Donati, Michele"]
[Black "Agostinelli, Matteo"]
[WhiteElo "1764"]
[BlackElo "1651"]
[Result "1-0"]
[PlyCount "76"]
[EventDate "2012.07.15"]

1. c4 Nf6 2. Nf3 d6 3. g3 g6 4. Bg2 Bg7 5. O-O Nbd7 6. Nc3 c6 7. d4 O-O 8. e4
Re8 9. e5 dxe5 10. dxe5 Ng4 11. e6 fxe6 12. Qe2 Nge5 13. Ng5 Nb6 14. Rd1 Qc7
15. Bf4 h6 16. Nf3 Nxf3+ 17. Bxf3 e5 18. Be3 Be6 19. c5 Nd7 20. Be4 Bf7 21. Qg4
Nf6 22. Qh3 Kh7 23. Bc2 Nd5 24. Ne4 Rh8 25. Ng5+ Kg8 26. Nxf7 Kxf7 27. Qg4 g5
28. Qf5+ Nf6 29. Bb3+ Kf8 30. Qe6 Nd5 31. Bxd5 cxd5 32. Rxd5 Bf6 33. Rd7 Qc8
34. Rad1 Kg7 35. R1d6 Rf8 36. h4 Kh8 37. Rd3 gxh4 38. Bxh6 Rg8 1-0

[Event "C.to Italiano di Categoria D"]
[Site "Civitanova Marche ITA"]
[Date "2012.07.22"]
[Round "8"]
[White "Ramini, Luigi"]
[Black "Mondaini, Roberto"]
[WhiteElo "1763"]
[BlackElo "1740"]
[Result "1/2-1/2"]
[PlyCount "126"]
[EventDate "2012.07.15"]

1. d4 e6 2. Nf3 f5 3. c4 Nf6 4. Nc3 d5 5. Ne5 Be7 6. Bf4 O-O 7. e3 c6 8. c5 Qe8
9. Be2 h6 10. h4 Bd7 11. h5 Bd8 12. b4 Ne4 13. Nxe4 fxe4 14. Qa4 a6 15. f3 exf3
16. gxf3 Rf5 17. Ng6 Bg5 18. Bd3 Bxf4 19. Nxf4 e5 20. dxe5 Qxe5 21. Kf2 Rg5 22.
Rag1 Bf5 23. Rxg5 hxg5 24. Ng6 Qb2+ 25. Be2 Bd3 26. Re1 Nd7 27. Qb3 Qxb3 28.
axb3 Bc2 29. Rg1 Bxg6 30. hxg6 a5 31. Ra1 Kf8 32. Bd3 Ke7 33. Bf5 Ne5 34. f4
gxf4 35. exf4 Kf6 36. Bc2 Nxg6 37. Kg3 Ne7 38. bxa5 Nf5+ 39. Kf2 Nd4 40. Bd1
Ne6 41. Ke3 Nxc5 42. Bc2 Re8+ 43. Kf3 d4 44. Rd1 Nxb3 45. Bxb3 Re3+ 46. Kg4
Rxb3 47. Rxd4 Rb5 48. Rd6+ Ke7 49. Rg6 Kf7 50. Rd6 Rd5 51. Rxd5 cxd5 52. Kf5 d4
53. Ke4 Ke6 54. Kxd4 Kf5 55. Ke3 g6 56. Kf3 Kf6 57. Ke4 Ke6 58. Kf3 Kf6 59. Kg4
Ke6 60. Kg5 Kf7 61. Kh4 Ke6 62. Kg4 Ke7 63. Kf3 Kf6 1/2-1/2

[Event "C.to Italiano di Categoria D"]
[Site "Civitanova Marche ITA"]
[Date "2012.07.22"]
[Round "8"]
[White "Ripa, Francesco"]
[Black "Marinucci, Johnny"]
[WhiteElo "1707"]
[BlackElo "1775"]
[Result "1-0"]
[PlyCount "51"]
[EventDate "2012.07.15"]

1. Nf3 Nf6 2. c4 c6 3. Nc3 d5 4. d4 Qb6 5. c5 Qc7 6. Ne5 Bf5 7. Bf4 Qc8 8. e3
e6 9. b4 a6 10. a4 Nbd7 11. f3 Be7 12. g4 Bg6 13. h4 h6 14. Nxg6 fxg6 15. Bd3
Kf7 16. Qc2 Nf8 17. Kf2 Bd8 18. Bd6 N6d7 19. e4 Bc7 20. e5 Bd8 21. Kg3 g5 22.
h5 Nb8 23. Qd2 Qd7 24. Rhf1 Kg8 25. f4 gxf4+ 26. Qxf4 1-0

[Event "C.to Italiano di Categoria D"]
[Site "Civitanova Marche ITA"]
[Date "2012.07.22"]
[Round "8"]
[White "Skrijely, Edin"]
[Black "Marvulli, Dario"]
[WhiteElo "1733"]
[BlackElo "1676"]
[Result "1-0"]
[PlyCount "28"]
[EventDate "2012.07.15"]

1. e4 e5 2. f4 exf4 3. Nf3 h6 4. h4 Nf6 5. Nc3 Nh5 6. Bc4 Ng3 7. Ne5 Qf6 8. d4
Nxh1 9. Bxf7+ Kd8 10. Qh5 g5 11. Nd5 Ng3 12. Nxf6 Nxh5 13. Bxh5 Bg7 14. Nf7+
Ke7 1-0